Liedtext - Stimme - EFF - Statistiken

Allgemein
  • Dieses Quiz wurde 58 mal gespielt
  • Das Durchschnittsergebnis liegt bei 270 aus 390
Antwortstatistiken
Textquiz % Korrekt
auf
100%
Auf
100%
die
100%
Die
100%
Hör
100%
hör
100%
Sag
100%
sie
100%
Sie
100%
Stimme
100%
Was
100%
was
100%
sagt
98%
Da
96%
da
96%
Immer
92%
immer
92%
dir
84%
das
80%
Das
80%
du
78%
Du
78%
War
78%
war
78%
ist
76%
und
72%
Und
72%
also
68%
dich
68%
dass
64%
ihren
62%
Rat
62%
Es
58%
es
58%
will
58%
dein
56%
komm
56%
stark
56%
macht
54%
wo
54%
ich
52%
diese
50%
nicht
50%
'ne
48%
bist
46%
du's
46%
schaffst
46%
all
42%
All
42%
den
42%
gut
42%
hilft
40%
ab
38%
guter
38%
mir
38%
so
38%
teuer
38%
zwar
38%
musst
36%
dein'n
34%
oder
34%
Weg
34%
wieder
34%
gebeutelt
32%
grad
32%
komm'n
32%
lost
32%
wird
32%
Leben
30%
nein
30%
Willst
30%
Geister
28%
ihn
28%
auch
26%
bösen
26%
durch
26%
keiner
26%
kommt
26%
leichter
26%
Wegen
26%
wirst
26%
zum
26%
Bauchgefühl
24%
Kreuzung'n
24%
Quäler
24%
schwerer
24%
stehst
24%
zurück
24%
Alles
22%
glaub'
22%
glaub
22%
schafft
22%
Schritt
22%
besser
20%
danach
20%
gehst
20%
geht
20%
man
20%
nächsten
20%
ohne
20%
sich
20%
überlegen
20%
wie's
20%
abwägen
18%
bleiben
18%
entscheiden
18%
meistern
18%
reden
18%
Reise
18%
schweigen
18%
wohin
18%
Bleibt
16%
egal
16%
ganz
16%
Navi
16%
neu
16%
nimmt's
16%
noch
16%
Prüfung'n
16%
selbst
16%
wählst
16%
weggeh'n
16%
wofür
16%
Ziel
16%
bestimmst
14%
Ey
14%
führt
14%
mal
14%
offen
14%
passier'n
14%
treu
14%
Keine übereinstimmenden Quizze gefunden
Verteilung der Resultate
Anzahl Personen mit jedem Resultat
Perzentil nach korrekt beantworteten Fragen
Ihre Resultats-Entwicklung
Sie haben dieses Quiz noch nicht gespielt